000 00824cam a22002773a 4500
001 16920
003 PGUSA
005 20140828083348.0
008 051023s2005||||xxu|||||s|||||000 | eng d
040 _aPGUSA
_beng
042 _adc
050 4 _aBX
050 4 _aHQ
100 1 _aBouvier, J. B.
_q(Jean Baptiste),
_d1783-1854
245 1 0 _aVenere ed Imene al tribunale della penitenza :
_bmanuale dei confessori
_h[electronic resource] /
_cJ. B. Bouvier
260 _bProject Gutenberg,
_c2005
506 _aPublic domain in the USA.
516 _aElectronic text
653 _aSex -- Religious aspects
653 _aConfession
653 _aSexual ethics
700 1 _aGnocchi-Viani, Osvaldo,
_d1837-1917
830 0 _aProject Gutenberg
_v16920
856 4 0 _uhttp://www.gutenberg.org/ebooks/16920
942 _cEB
999 _c246175
_d246175